[Event "Sao Paulo Schutt Cup"]
[Site "Sao Paulo"]
[Date "2019.09.14"]
[Round "3"]
[White "Haraguchi, Diego Sashaki"]
[Black "Takeda, Fernando"]
[Result "1-0"]
[WhiteElo "1704"]
[BlackElo "1770"]
[PlyCount "81"]
[EventDate "2019.09.13"]
[EventType "swiss"]
[EventRounds "6"]
[EventCountry "BRA"]
[SourceTitle "EXT 2020"]
[Source "ChessBase"]
[SourceDate "2019.10.17"]
[SourceVersion "1"]
[SourceVersionDate "2019.10.17"]
[SourceQuality "1"]

1. Nf3 d5 2. d4 Nf6 3. c4 c6 4. Nc3 e6 5. Bg5 dxc4 6. e4 b5 7. Be2 Nbd7 8. 0-0 Bb7 9. a4 a6 10. b3 b4 11. e5 h6 12. exf6 hxg5 13. fxg7 Bxg7 14. Ne4 Qe7 15. Nexg5 c3 16. h3 Nb6 17. Re1 0-0-0 18. a5 Nd5 19. Nxf7 Qxf7 20. Ng5 Qf6 21. Nxe6 Rde8 22. Bg4 Kb8 23. Qd3 Bh6 24. Nc5 Ka7 25. Qc4 Bd2 26. Nd7 Qd6 27. Re5 Rhg8 28. Nc5 Rxe5 29. dxe5 Qxe5 30. Nxb7 Kxb7 31. Be2 Ra8 32. Ra2 Qf5 33. Bd3 Qf4 34. Qc5 Rf8 35. Bxa6+ Kc7 36. Bc4 Qf5 37. Bxd5 Qxd5 38. Qxf8 Qxb3 39. Qe7+ Kb8 40. Qd6+ Kb7 41. a6+ 1-0

[Event "Sao Carlos Intermed-chT"]
[Site "Sao Carlos"]
[Date "2019.09.06"]
[Round "5.1"]
[White "Costa, Iaggo Bernini"]
[Black "Takeda, Fernando"]
[Result "0-1"]
[WhiteElo "1562"]
[BlackElo "1770"]
[PlyCount "54"]
[EventDate "2019.09.02"]
[EventType "team-swiss"]
[EventRounds "5"]
[EventCountry "BRA"]
[SourceTitle "EXT 2020"]
[Source "ChessBase"]
[SourceDate "2019.10.17"]
[SourceVersion "1"]
[SourceVersionDate "2019.10.17"]
[SourceQuality "1"]
[WhiteTeam "ABC"]
[BlackTeam "Santa Casa"]
[WhiteTeamCountry "BRA"]
[BlackTeamCountry "BRA"]

1. g4 d5 2. Bg2 Bxg4 3. c4 Bc8 4. cxd5 g6 5. Qb3 Bg7 6. Nc3 Nh6 7. d3 0-0 8. Bg5 c6 9. Qb4 Re8 10. Nh3 Nf5 11. Bf4 Na6 12. Qc4 Nd4 13. dxc6 Bxh3 14. Bxh3 Nxc6 15. 0-0 e6 16. Bg3 Rc8 17. Qb5 Qe7 18. Bg2 Nab4 19. a3 Nc2 20. Rac1 N2d4 21. Qa4 Nf5 22. Rc2 Red8 23. Bxc6 Rxc6 24. Qg4 Rdc8 25. e3 Nxg3 26. hxg3 Bxc3 27. bxc3 Qxa3 0-1

[Event "BRA-ch Amateur U2000"]
[Site "Sao Paulo"]
[Date "2019.06.21"]
[Round "4"]
[White "Soares, Paulo Henrique Dos"]
[Black "Takeda, Fernando"]
[Result "1/2-1/2"]
[WhiteElo "1925"]
[BlackElo "1718"]
[PlyCount "54"]
[EventDate "2019.06.20"]
[EventType "swiss"]
[EventRounds "7"]
[EventCountry "BRA"]
[SourceTitle "EXT 2020"]
[Source "ChessBase"]
[SourceDate "2019.10.17"]
[SourceVersion "1"]
[SourceVersionDate "2019.10.17"]
[SourceQuality "1"]

1. Nc3 d5 2. e4 d4 3. Nce2 e5 4. f4 Nc6 5. Nf3 f5 6. d3 exf4 7. Bxf4 Nf6 8. a3 Be7 9. exf5 Bxf5 10. Ng3 Bg4 11. Be2 Qd7 12. 0-0 0-0 13. c4 dxc3 14. bxc3 Nd5 15. Bd2 Nf4 16. Bxf4 Rxf4 17. Nd4 Rxf1+ 18. Nxf1 Bxe2 19. Nxe2 b6 20. Nfg3 Qe6 21. Ne4 Rf8 22. Qa4 a5 23. h3 Qh6 24. Qc4+ Kh8 25. Ra2 Rd8 26. d4 Qe3+ 27. Nf2 Qh6 1/2-1/2

[Event "BRA-ch Amateur U2000"]
[Site "Sao Paulo"]
[Date "2019.06.20"]
[Round "2"]
[White "Takeda, Fernando"]
[Black "Castro Silva, Alex"]
[Result "1-0"]
[WhiteElo "1718"]
[BlackElo "1928"]
[PlyCount "55"]
[EventDate "2019.06.20"]
[EventType "swiss"]
[EventRounds "7"]
[EventCountry "BRA"]
[SourceTitle "EXT 2020"]
[Source "ChessBase"]
[SourceDate "2019.10.17"]
[SourceVersion "1"]
[SourceVersionDate "2019.10.17"]
[SourceQuality "1"]

1. d4 Nf6 2. c4 e6 3. Nf3 Bb4+ 4. Nc3 0-0 5. Bg5 c5 6. e3 Qa5 7. Bxf6 Bxc3+ 8. bxc3 Qxc3+ 9. Nd2 gxf6 10. Rc1 Qa5 11. Bd3 cxd4 12. exd4 Nc6 13. 0-0 Kh8 14. Nb3 Qg5 15. Bxh7 Kxh7 16. Rc3 b6 17. Rh3+ Kg6 18. Rg3 Ba6 19. Rxg5+ fxg5 20. f4 f5 21. Qd3 d5 22. Nd2 Rad8 23. Re1 Rfe8 24. Qg3 Nxd4 25. Qxg5+ Kf7 26. Qh5+ Kf6 27. cxd5 Rg8 28. dxe6 1-0

[Event "Hebraica op 26th"]
[Site "Hebraica"]
[Date "2019.01.11"]
[Round "1"]
[White "Sangiovanni, Marcello Cordeiro"]
[Black "Takeda, Fernando"]
[Result "0-1"]
[WhiteElo "1085"]
[BlackElo "1700"]
[PlyCount "82"]
[EventDate "2019.01.11"]
[EventType "swiss"]
[EventRounds "6"]
[EventCountry "BRA"]
[SourceTitle "EXT 2020"]
[Source "ChessBase"]
[SourceDate "2019.10.17"]
[SourceVersion "1"]
[SourceVersionDate "2019.10.17"]
[SourceQuality "1"]

1. e4 e6 2. Nf3 c5 3. Be2 Nc6 4. d3 d5 5. 0-0 Nf6 6. Bg5 dxe4 7. dxe4 Qxd1 8. Rxd1 Nxe4 9. Bh4 Be7 10. Bxe7 Kxe7 11. Bd3 Nd6 12. Nc3 Rd8 13. Re1 Kf8 14. Bxh7 g6 15. h4 Kg7 16. Ng5 f6 17. Nxe6+ Bxe6 18. Rxe6 Kxh7 19. Rxf6 Kg7 20. Re6 Kf7 21. Rae1 Re8 22. Rxe8 Rxe8 23. Rxe8 Kxe8 24. Nd5 Nb4 25. Nxb4 cxb4 26. g3 Nc4 27. b3 Na3 28. Kg2 Nxc2 29. Kh3 Nd4 30. Kg4 Ne2 31. Kg5 Kf7 32. h5 gxh5 33. Kxh5 Nc3 34. f4 Nxa2 35. g4 Nc3 36. g5 a5 37. g6+ Kg7 38. f5 Nd5 39. Kg5 a4 40. bxa4 b3 41. Kg4 b2 0-1

[Event "Homs Xeque Mate op"]
[Site "Sao Paulo"]
[Date "2018.10.27"]
[Round "1"]
[White "Takeda, Fernando"]
[Black "Campora, Felipe Marques"]
[Result "1-0"]
[WhiteElo "1709"]
[BlackElo "1373"]
[PlyCount "55"]
[EventDate "2018.10.27"]
[EventType "swiss"]
[EventRounds "5"]
[EventCountry "BRA"]
[SourceTitle "CBM 187 Extra"]
[Source "ChessBase"]
[SourceDate "2018.11.04"]
[SourceVersion "1"]
[SourceVersionDate "2018.11.04"]
[SourceQuality "1"]

1. d4 e6 2. c4 f5 3. Nc3 Nf6 4. Bg5 Bb4 5. Nf3 d5 6. Qb3 Bxc3+ 7. Qxc3 h6 8. Bxf6 gxf6 9. cxd5 exd5 10. e3 c6 11. Bd3 Qe7 12. Nh4 Rg8 13. Bxf5 Bxf5 14. Nxf5 Qe4 15. Nd6+ Ke7 16. Nxe4 dxe4 17. Qb4+ Ke6 18. Qc4+ Ke7 19. Qxg8 Kd7 20. d5 Kc7 21. d6+ Kxd6 22. 0-0-0+ Kc5 23. Qd8 Kb5 24. Qc7 Na6 25. Qxb7+ Ka5 26. Qxc6 Rb8 27. Rd5+ Nc5 28. Qxc5+ 1-0

[Event "Homs Xeque Mate op"]
[Site "Sao Paulo"]
[Date "2018.10.27"]
[Round "3"]
[White "Takeda, Fernando"]
[Black "Zmetek, Marcos Simao"]
[Result "1-0"]
[WhiteElo "1709"]
[BlackElo "1343"]
[PlyCount "63"]
[EventDate "2018.10.27"]
[EventType "swiss"]
[EventRounds "5"]
[EventCountry "BRA"]
[SourceTitle "CBM 187 Extra"]
[Source "ChessBase"]
[SourceDate "2018.11.04"]
[SourceVersion "1"]
[SourceVersionDate "2018.11.04"]
[SourceQuality "1"]

1. d4 d5 2. c4 dxc4 3. Nf3 Nf6 4. e3 e6 5. Bxc4 c5 6. 0-0 Nc6 7. Nc3 cxd4 8. exd4 Be7 9. Re1 0-0 10. Bf4 Bd6 11. Bg5 h6 12. Bh4 Be7 13. Qd2 Nd5 14. Bg3 Bd6 15. Bxd5 exd5 16. Re3 Bxg3 17. hxg3 Bf5 18. Rc1 Qd7 19. Ne5 Nxe5 20. Rxe5 Be6 21. Rce1 Rac8 22. f4 g6 23. f5 gxf5 24. Qxh6 Rfd8 25. g4 Qd6 26. gxf5 Qb4 27. f6 Qxd4+ 28. Kh1 Qg4 29. Rg5+ Qxg5 30. Qxg5+ Kf8 31. Qg7+ Ke8 32. Rxe6+ 1-0

[Event "Sao Paulo Karman Cup"]
[Site "Sao Paulo"]
[Date "2018.08.12"]
[Round "6"]
[White "Takeda, Fernando"]
[Black "Borger, Daniel"]
[Result "1-0"]
[WhiteElo "1700"]
[BlackElo "1642"]
[PlyCount "63"]
[EventDate "2018.08.10"]
[EventType "swiss"]
[EventRounds "6"]
[EventCountry "BRA"]
[SourceTitle "CBM 186 Extra"]
[Source "ChessBase"]
[SourceDate "2018.08.24"]
[SourceVersion "1"]
[SourceVersionDate "2018.08.24"]
[SourceQuality "1"]

1. d4 d5 2. c4 c6 3. Nf3 Nf6 4. e3 Bf5 5. Nc3 e6 6. Be2 Nbd7 7. 0-0 dxc4 8. Bxc4 Bd6 9. Re1 Ne4 10. Nxe4 Bxe4 11. Bd3 Nf6 12. Bxe4 Nxe4 13. Qd3 f5 14. Qb3 Qe7 15. Bd2 0-0 16. Bc3 Rad8 17. Rad1 Rd7 18. a3 Rfd8 19. Bb4 Bxb4 20. axb4 Rd5 21. Ra1 a6 22. Ra5 Kh8 23. Rc1 Qc7 24. Rca1 Qb6 25. Qa3 h6 26. Ne5 Kg8 27. Ng6 Kf7 28. Ne5+ Kf6 29. f3 Ng5 30. Qc3 Nf7 31. Nd3 Qc7 32. Qe1 1-0

[Event "Sao Paulo ECP Etapa Sigismund Gansl"]
[Site "Sao Paulo"]
[Date "2018.05.18"]
[Round "2.4"]
[White "Haraguchi, Matheus Sashaki"]
[Black "Takeda, Fernando"]
[Result "1-0"]
[WhiteElo "1275"]
[BlackElo "1625"]
[PlyCount "61"]
[EventDate "2018.05.18"]
[EventType "swiss"]
[EventRounds "6"]
[EventCountry "BRA"]
[SourceTitle "EXT 2022"]
[Source "ChessBase"]
[SourceDate "2021.10.06"]
[SourceVersion "1"]
[SourceVersionDate "2021.10.06"]
[SourceQuality "1"]

1. c4 c5 2. Nc3 Nf6 3. g3 e5 4. e4 Nc6 5. Nf3 g6 6. Bg2 Bg7 7. d3 0-0 8. 0-0 d6 9. Bg5 h6 10. Be3 Nh7 11. Qd2 g5 12. h4 Nd4 13. hxg5 Nxf3+ 14. Bxf3 Nxg5 15. Bg2 f5 16. f4 exf4 17. Bxf4 fxe4 18. Nxe4 Nh3+ 19. Bxh3 Bxh3 20. Rf2 d5 21. Nxc5 dxc4 22. Rh2 Bg4 23. Bxh6 Bd4+ 24. Be3 Qd5 25. dxc4 Bxe3+ 26. Qxe3 Qf5 27. Rf2 Qh5 28. Raf1 Rxf2 29. Rxf2 Re8 30. Ne4 Rxe4 31. Qxe4 1-0

[Event "Sao Paulo Salles Cup 12th"]
[Site "Sao Paulo"]
[Date "2018.04.22"]
[Round "6"]
[White "Itagyba, Renan Fortes"]
[Black "Takeda, Fernando"]
[Result "1/2-1/2"]
[WhiteElo "1737"]
[BlackElo "1608"]
[PlyCount "72"]
[EventDate "2018.04.20"]
[EventType "swiss"]
[EventRounds "6"]
[EventCountry "BRA"]
[SourceTitle "CBM 184 Extra"]
[Source "ChessBase"]
[SourceDate "2018.06.28"]
[SourceVersion "1"]
[SourceVersionDate "2018.06.28"]
[SourceQuality "1"]

1. Nf3 Nf6 2. g3 d5 3. d4 c6 4. Bg2 Bf5 5. 0-0 e6 6. Nbd2 Bd6 7. c3 Nbd7 8. Re1 0-0 9. Nh4 Bg6 10. Nxg6 hxg6 11. e4 dxe4 12. Nxe4 Nxe4 13. Bxe4 Nf6 14. Bc2 Qc7 15. Bg5 Rad8 16. Qf3 Be7 17. h4 c5 18. dxc5 Bxc5 19. Rad1 Rxd1 20. Rxd1 Nd5 21. Kg2 Qe5 22. Be4 f6 23. Bc1 Bb6 24. Bxg6 f5 25. Qh5 Nf6 26. Qf3 Ng4 27. Rf1 Qb5 28. Re1 Bxf2 29. Rxe6 Bb6 30. Re7 Qc5 31. Re1 Qb5 32. Qxb7 Qd3 33. Qe7 Qd5+ 34. Kh3 Nf2+ 35. Kh2 Ng4+ 36. Kh3 Nf2+ 1/2-1/2

[Event "Sao Paulo SP ECP op 3rd"]
[Site "Sao Paulo"]
[Date "2017.11.18"]
[Round "3.12"]
[White "Takeda, Fernando"]
[Black "Narimatsu, Fabio Carramao"]
[Result "1-0"]
[WhiteElo "1641"]
[BlackElo "1436"]
[PlyCount "57"]
[EventDate "2017.11.17"]
[EventType "swiss"]
[EventRounds "6"]
[EventCountry "BRA"]
[SourceTitle "EXT 2022"]
[Source "ChessBase"]
[SourceDate "2021.10.06"]
[SourceVersion "1"]
[SourceVersionDate "2021.10.06"]
[SourceQuality "1"]

1. d4 d5 2. c4 e6 3. Nc3 c6 4. e3 Nf6 5. Nf3 Nbd7 6. Qc2 b6 7. cxd5 exd5 8. Bd3 Bb7 9. 0-0 Be7 10. e4 dxe4 11. Nxe4 Nxe4 12. Bxe4 Nf6 13. Bxc6+ Bxc6 14. Qxc6+ Nd7 15. Re1 0-0 16. Bf4 Rc8 17. Qb7 Bb4 18. Rec1 Rxc1+ 19. Rxc1 Re8 20. a3 Bf8 21. Qxa7 Re2 22. b4 Ra2 23. h3 Qe7 24. Ne5 Qf6 25. Bg3 Nxe5 26. dxe5 Qh6 27. Rc8 Qe6 28. Qb8 Qe7 29. Re8 1-0

[Event "Sao Paulo SP ECP op 3rd"]
[Site "Sao Paulo"]
[Date "2017.11.17"]
[Round "2.4"]
[White "Hoshino, Karen M"]
[Black "Takeda, Fernando"]
[Result "1-0"]
[WhiteElo "1981"]
[BlackElo "1641"]
[PlyCount "103"]
[EventDate "2017.11.17"]
[EventType "swiss"]
[EventRounds "6"]
[EventCountry "BRA"]
[SourceTitle "EXT 2022"]
[Source "ChessBase"]
[SourceDate "2021.10.06"]
[SourceVersion "1"]
[SourceVersionDate "2021.10.06"]
[SourceQuality "1"]

1. d4 d5 2. c4 c6 3. Nc3 Nf6 4. e3 e6 5. Nf3 Nbd7 6. Bd3 dxc4 7. Bxc4 b5 8. Bd3 Bb7 9. 0-0 a6 10. Qe2 c5 11. dxc5 Bxc5 12. Rd1 Qb6 13. b3 0-0 14. Bb2 Rac8 15. Rac1 Rfd8 16. Bb1 h6 17. h3 Qa5 18. Rd3 Ba3 19. Bxa3 Qxa3 20. Rcd1 Qa5 21. Qd2 b4 22. Na4 e5 23. Rd6 Be4 24. Nb6 Rc7 25. Qb2 Bxb1 26. Qxb1 Qb5 27. Qb2 Ne8 28. Rxd7 Rdxd7 29. Nxd7 Rxd7 30. Rxd7 Qxd7 31. Qxe5 Qd1+ 32. Kh2 Qd6 33. Qxd6 Nxd6 34. Nd4 Ne4 35. Nc6 a5 36. Nxa5 Nc3 37. Nc6 Nxa2 38. Kg3 Kf8 39. Kf4 Ke8 40. Ke5 Nc1 41. Nxb4 Nxb3 42. f4 Ke7 43. g4 Nd2 44. f5 Nf3+ 45. Kf4 Nd2 46. h4 Nc4 47. e4 Nd6 48. Nd5+ Kf8 49. f6 g5+ 50. hxg5 hxg5+ 51. Ke5 Nxe4 52. Kxe4 1-0

[Event "Sao Paulo Schutt op 14th"]
[Site "Sao Paulo"]
[Date "2017.09.16"]
[Round "4"]
[White "Seccafim, Caic Dos Santos"]
[Black "Takeda, Fernando"]
[Result "1-0"]
[WhiteElo "1593"]
[BlackElo "1694"]
[PlyCount "87"]
[EventDate "2017.09.15"]
[EventType "swiss"]
[EventRounds "6"]
[EventCountry "BRA"]
[SourceTitle "CBM 180 Extra"]
[Source "ChessBase"]
[SourceDate "2017.10.06"]
[SourceVersion "1"]
[SourceVersionDate "2017.10.06"]
[SourceQuality "1"]

1. e4 e6 2. d4 d5 3. e5 c5 4. c3 Nc6 5. Nf3 Qb6 6. Bd3 Bd7 7. Bc2 Rc8 8. a3 cxd4 9. cxd4 Nge7 10. Nc3 Ng6 11. h4 Be7 12. h5 Nf8 13. Rb1 f6 14. Be3 Na5 15. 0-0 Nc4 16. Re1 Nxb2 17. Qe2 Rxc3 18. Rxb2 Qc7 19. a4 Qc4 20. Qxc4 Rxc4 21. Reb1 b6 22. a5 b5 23. Bd3 Rc7 24. Bxb5 Kf7 25. exf6 gxf6 26. Bf4 Rb7 27. Bxd7 Rxb2 28. Rxb2 Nxd7 29. Rb7 e5 30. dxe5 fxe5 31. Nxe5+ Nxe5 32. Bxe5 Re8 33. Bd6 Ke6 34. Rxe7+ Rxe7 35. Bxe7 Kxe7 36. Kf1 Kf6 37. g4 Kg5 38. f3 h6 39. Ke2 Kf4 40. Kd3 d4 41. Kxd4 Kxf3 42. g5 hxg5 43. h6 g4 44. h7 1-0

[Event "Sao Paulo Schutt op 14th"]
[Site "Sao Paulo"]
[Date "2017.09.15"]
[Round "1"]
[White "Takeda, Fernando"]
[Black "Da Rosa, Henrique Jaze Simoe"]
[Result "0-1"]
[WhiteElo "1694"]
[BlackElo "1403"]
[PlyCount "66"]
[EventDate "2017.09.15"]
[EventType "swiss"]
[EventRounds "6"]
[EventCountry "BRA"]
[SourceTitle "CBM 180 Extra"]
[Source "ChessBase"]
[SourceDate "2017.10.06"]
[SourceVersion "1"]
[SourceVersionDate "2017.10.06"]
[SourceQuality "1"]

1. d4 d5 2. c4 c6 3. Nf3 Nf6 4. Nc3 e6 5. e3 Bd6 6. Bd3 0-0 7. 0-0 Nbd7 8. Re1 b6 9. cxd5 cxd5 10. e4 dxe4 11. Nxe4 Be7 12. b3 Bb7 13. Ba3 Re8 14. Nd6 Bxd6 15. Bxd6 Rc8 16. Rc1 Rxc1 17. Qxc1 Qa8 18. Ne5 Bxg2 19. Bb5 Bh1 20. Bc6 Bxc6 21. Nxc6 Nd5 22. Ne5 N7f6 23. Qd2 Rd8 24. Ba3 Nh5 25. Nd3 Rc8 26. Bb2 h6 27. Rc1 Rxc1+ 28. Qxc1 Ne7 29. Qd2 Nf5 30. Ne5 Nh4 31. f3 Nxf3+ 32. Nxf3 Qxf3 33. Ba3 Nf4 0-1

[Event "Sao Paulo Salles Cup 11th"]
[Site "Sao Paulo"]
[Date "2017.03.26"]
[Round "5"]
[White "Lisunenko, Julio Cesar Carvalh"]
[Black "Takeda, Fernando"]
[Result "0-1"]
[WhiteElo "1807"]
[BlackElo "1698"]
[PlyCount "112"]
[EventDate "2017.03.24"]
[EventType "swiss (blitz)"]
[EventRounds "6"]
[EventCountry "BRA"]
[SourceTitle "CBM 177 Extra"]
[Source "ChessBase"]
[SourceDate "2017.04.27"]
[SourceVersion "1"]
[SourceVersionDate "2017.04.27"]
[SourceQuality "1"]

1. d4 d5 2. c4 c6 3. Nf3 Nf6 4. Nc3 e6 5. e3 Nbd7 6. Bd3 dxc4 7. Bxc4 b5 8. Bd3 Bb7 9. Ne4 Qb6 10. Qe2 a6 11. b3 c5 12. Nxc5 Nxc5 13. dxc5 Bxc5 14. 0-0 0-0 15. Bb2 Rfd8 16. Ng5 Qc6 17. Nf3 Qd5 18. Rfd1 Qh5 19. h3 Rac8 20. Rac1 h6 21. Nh2 Be7 22. Rxc8 Rxc8 23. Qxh5 Nxh5 24. Rc1 Kf8 25. Rxc8+ Bxc8 26. Be2 Nf6 27. Nf3 Bb7 28. Nd2 Nd5 29. a3 Bf6 30. Bxf6 Nxf6 31. Bf3 Bxf3 32. Nxf3 Ne4 33. Ne1 Ke7 34. Kf1 Nd2+ 35. Ke2 Nxb3 36. Nc2 Kd6 37. Kd3 a5 38. Kc3 Nc5 39. f3 e5 40. e4 g6 41. g4 Ne6 42. h4 Nf4 43. Ne1 Kc5 44. Nd3+ Nxd3 45. Kxd3 b4 46. a4 b3 47. Kc3 b2 48. Kxb2 Kb4 49. h5 gxh5 50. gxh5 Kxa4 51. Kc3 Kb5 52. Kb3 a4+ 53. Ka3 f6 54. Kb2 Kc4 55. Ka3 Kd3 56. Kxa4 Ke3 0-1

[Event "Sao Paulo Salles Cup 11th"]
[Site "Sao Paulo"]
[Date "2017.03.26"]
[Round "6"]
[White "Takeda, Fernando"]
[Black "Florencio da Silva, Yuri Matos"]
[Result "1/2-1/2"]
[WhiteElo "1698"]
[BlackElo "2052"]
[PlyCount "156"]
[EventDate "2017.03.24"]
[EventType "swiss (blitz)"]
[EventRounds "6"]
[EventCountry "BRA"]
[SourceTitle "CBM 177 Extra"]
[Source "ChessBase"]
[SourceDate "2017.04.27"]
[SourceVersion "1"]
[SourceVersionDate "2017.04.27"]
[SourceQuality "1"]

1. d4 Nf6 2. Nf3 c5 3. dxc5 Qa5+ 4. Nbd2 g6 5. c4 Qxc5 6. e3 Bg7 7. Be2 0-0 8. 0-0 Rd8 9. Qa4 Nc6 10. Rd1 d6 11. Nb3 Qb6 12. Bd3 Nb4 13. Bb1 Be6 14. Nbd4 Bd7 15. Qb3 Rdc8 16. Bd2 Na6 17. Bc2 Qc7 18. Rac1 Qxc4 19. Qa3 Qd5 20. Bb3 Qh5 21. Ne2 Bc6 22. Nf4 Qg4 23. h3 Qd7 24. Ng5 d5 25. Rxc6 Rxc6 26. Ba4 Qd6 27. Bxc6 Qxa3 28. bxa3 bxc6 29. Rc1 Rc8 30. Bc3 Nd7 31. Bxg7 Kxg7 32. Nxd5 Ndc5 33. Nb4 f5 34. Nxa6 Nxa6 35. Ne6+ Kf6 36. Nd4 Nb8 37. Kf1 e5 38. Nb3 Nd7 39. Nc5 Nxc5 40. Rxc5 Ke6 41. Ke2 Kd6 42. Rc2 Rb8 43. Rd2+ Ke6 44. Rc2 Rb6 45. Kd3 Kd5 46. f3 e4+ 47. fxe4+ fxe4+ 48. Kc3 Rb7 49. Rd2+ Ke6 50. Rd4 Ke5 51. Rc4 Rb1 52. Rb4 Rc1+ 53. Kd2 Rg1 54. Rb7 Rxg2+ 55. Kc3 Rxa2 56. Rxa7 Re2 57. Ra5+ Kd6 58. Kd4 Rh2 59. Kxe4 Rxh3 60. Ra8 Rh4+ 61. Kd3 Kc5 62. a4 h5 63. Ra5+ Kb4 64. Rg5 Kxa4 65. Rxg6 Kb5 66. Rg5+ c5 67. e4 Rh3+ 68. Ke2 Kc4 69. Re5 h4 70. Rh5 Rh1 71. e5 Kd5 72. e6+ Kxe6 73. Rxc5 h3 74. Rh5 Kf6 75. Kf2 Kg6 76. Rh8 Kg5 77. Kg3 Rg1+ 78. Kh2 Ra1 1/2-1/2

[Event "Paulista-ch"]
[Site "Sao Paulo"]
[Date "2016.11.??"]
[Round "2"]
[White "Brujin, Homero"]
[Black "Takeda, Fernando"]
[Result "1/2-1/2"]
[WhiteElo "1366"]
[BlackElo "1735"]
[PlyCount "115"]
[EventDate "2016.11.09"]
[EventType "swiss"]
[EventRounds "6"]
[EventCountry "BRA"]
[SourceTitle "EXT 2022"]
[Source "ChessBase"]
[SourceDate "2021.10.06"]
[SourceVersion "1"]
[SourceVersionDate "2021.10.06"]
[SourceQuality "1"]

1. c4 c6 2. Nf3 d5 3. cxd5 cxd5 4. d4 Nf6 5. Nc3 e6 6. g3 Nc6 7. Bg2 Bd6 8. 0-0 0-0 9. Nb5 Bb8 10. b3 Qa5 11. Na3 Bd7 12. Nc2 Bd6 13. Nfe1 Rac8 14. Nd3 Rc7 15. a3 Rfc8 16. Bd2 Qb6 17. b4 Nxd4 18. Nxd4 Qxd4 19. Be3 Qc4 20. Bxa7 Ra8 21. Bc5 Bxc5 22. Nxc5 Bb5 23. Re1 Qc3 24. Qc1 Qxc1 25. Rexc1 Bxe2 26. f3 Rac8 27. Nb3 Bb5 28. Rxc7 Rxc7 29. a4 Bc4 30. Rc1 Ne8 31. Na5 b6 32. Nxc4 Rxc4 33. Rxc4 dxc4 34. Kf2 Kf8 35. Ke3 Nd6 36. Kd4 Nf5+ 37. Kc3 Ne3 38. Bh1 Ke7 39. Kd4 Nf1 40. Kxc4 Kd6 41. Kb5 Kc7 42. a5 bxa5 43. bxa5 Kb7 44. f4+ Ka7 45. a6 Nxh2 46. Bb7 Nf1 47. g4 Ne3 48. g5 Nf5 49. Kc6 h5 50. Kd7 h4 51. g6 fxg6 52. Kxe6 h3 53. Ke5 Kb6 54. Ke6 Nd4+ 55. Kd5 Nf5 56. Ke6 h2 57. Ke5 Ne7 58. Kd6 1/2-1/2

[Event "Sao Paulo Karman Cup 9th"]
[Site "Sao Paulo"]
[Date "2016.08.05"]
[Round "2"]
[White "Takeda, Fernando"]
[Black "De Sousa, Rafaela Oliveira"]
[Result "1-0"]
[WhiteElo "1713"]
[BlackElo "1739"]
[PlyCount "41"]
[EventDate "2016.08.05"]
[EventType "swiss"]
[EventRounds "6"]
[EventCountry "BRA"]
[SourceTitle "CBM 174 Extra"]
[Source "ChessBase"]
[SourceDate "2016.10.10"]
[SourceVersion "1"]
[SourceVersionDate "2016.10.10"]
[SourceQuality "1"]

1. d4 d5 2. Nf3 Nf6 3. g3 Bf5 4. Bg2 e6 5. Nbd2 Be7 6. 0-0 0-0 7. c3 c5 8. Ne5 Nbd7 9. Ndf3 Ng4 10. Nd3 c4 11. Nf4 f6 12. Nh4 g5 13. Nxf5 gxf4 14. Nxe7+ Qxe7 15. Bxf4 Qf7 16. h3 e5 17. Bd2 f5 18. hxg4 fxg4 19. dxe5 Nxe5 20. Bf4 Rae8 21. Bxd5 1-0